[Event "German Bundesliga 2021-22"]
[Site "Germany"]
[Date "2022.04.09"]
[Round "3.1"]
[White "Vachier-Lagrave, Maxime"]
[Black "Seel, Christian"]
[Result "1-0"]
[WhiteElo "2761"]
[BlackElo "2486"]
[Annotator "TA"]
[PlyCount "95"]
[EventDate "2022.03.05"]
[EventType "team-tourn"]
[EventCountry "GER"]
[SourceTitle "playchess.com"]
[Source "ChessBase"]
[SourceQuality "1"]
[TimeControl "40/5400+30:1800+30"]

{[%evp 16,95,35,47,52,47,45,47,47,50,52,44,58,46,49,48,57,42,53,52,54,51,39,13,27,21,33,14,38,0,13,9,33,0,0,0,14,7,89,93,104,65,105,104,107,110,84,94,176,95,98,82,87,91,130,137,131,142,213,213,218,211,328,305,429,400,467,479,458,443,392,240,312,310,397,297,1412,1327,29978,29978,29978,29979]} 1. e4 {[%emt 0:00:00]} e5 {[%emt 0:00:00]} 2. Nf3 {[%emt 0:00:00]} d6 {[%emt 0:00:00]} 3. d4 {[%emt 0:00:00]} exd4 {[%emt 0:00:00]} 4. Nxd4 {[%emt 0:00:00]} Nf6 {[%emt 0:00:00]} 5. Nc3 {[%emt 0:00:00]} Be7 {[%emt 0:00:00]} 6. Bf4 {[%emt 0:00:00]} O-O {[%emt 0:00:00]} 7. Qd2 {[%emt 0:00:00]} Nc6 {[%emt 0:00:00]} 8. O-O-O {[%emt 0:00:00]} Nxd4 {[%emt 0:00:00]} 9. Qxd4 {[%emt 0:00:00]} a6 {[%emt 0:03:52] C41: Philidor Defence.} 10. e5 {[%emt 0:08:08]} dxe5 {[%emt 0:00:19]} 11. Qxe5 {[%emt 0:00:13]} Bd6 {[%emt 0:00:04] White is slightly better.} 12. Qd4 {[%emt 0:00:06][%cal Rf4d6]} Bxf4+ {[%emt 0:00:05]} 13. Qxf4 {[%emt 0:00:06]} Qe7 {[%emt 0:00:04]} 14. Bc4 {[%emt 0:01:32]} Be6 {[%emt 0:02:43]} 15. Rhe1 {[%emt 0:04:38]} Rad8 {[%emt 0:03:59]} 16. Rxd8 {[%emt 0:10:22]} Rxd8 {[%emt 0:00:21]} 17. Bxe6 {[%emt 0:00:15]} fxe6 {[%emt 0:00:05]} 18. Ne4 {[%emt 0:00:49]} e5 {[%emt 0:17:34] [#]} 19. Qh4 $146 {[%emt 0:13:08]} ({Predecessor:} 19. Nxf6+ gxf6 20. Re3 Qe6 21. Qh4 Kh8 22. b3 Qd6 23. Rd3 Qe7 24. Rxd8+ Qxd8 25. Qb4 {1-0 (54) Yusin,J (2310)-Wenardi,W (2235) ICCF email 2020}) 19... Kh8 {[%emt 0:25:16]} 20. Nc3 {[%emt 0:06:37]} b5 {[%emt 0:08:33]} 21. a3 {[%emt 0:02:18]} c5 {[%emt 0:05:26]} 22. Rd1 {[%emt 0:10:47]} (22. Qf4 $5) 22... Rxd1+ {[%emt 0:06:26]} 23. Nxd1 {[%emt 0:00:19]} Qe6 {[%emt 0:00:27]} 24. b3 {[%emt 0:02:21]} Kg8 {[%emt 0:08:05]} 25. Ne3 {[%emt 0:00:52]} Kf7 {[%emt 0:00:37]} 26. Qg3 {[%emt 0:01:39]} c4 {[%emt 0:04:38]} (26... g6 $11 {keeps the balance.}) 27. bxc4 $16 {[%emt 0:00:52]} bxc4 {[%emt 0:00:04]} 28. Qf3 {[%emt 0:01:01]} e4 {[%emt 0:07:18]} 29. Qf4 {[%emt 0:00:47]} Qe7 {[%emt 0:01:15] Against Qc7} 30. Kb2 {[%emt 0:06:42]} Qb7+ {[%emt 0:01:10]} 31. Kc3 {[%emt 0:00:07]} Qb1 {[%emt 0:02:59] [#]} (31... Qe7 $16) 32. Nxc4 {[%emt 0:03:54]} (32. g4 $1 $18 {[%cal Rg4g5]}) 32... Qa1+ {[%emt 0:01:00]} 33. Kb3 {[%emt 0:00:23]} Qb1+ {[%emt 0:00:18]} 34. Nb2 {[%emt 0:00:06]} Ke6 {[%emt 0:01:35]} 35. g4 {[%emt 0:01:16]} h6 {[%emt 0:03:09]} 36. h4 {[%emt 0:00:29][%cal Bh2h4,Bh4g5,Bg5g6][%mdl 32] [#] aiming for g5.} ({Much less strong is} 36. Qc7 Qf1 $16) 36... Qe1 {[%emt 0:00:30]} (36... Qh1 $16 {might work better.}) 37. Qf5+ $18 {[%emt 0:00:50]} Ke7 {[%emt 0:00:23]} 38. Qe5+ {[%emt 0:04:09]} Kf7 {[%emt 0:00:08]} (38... Kd8 $142 39. Qb8+ (39. Qd6+ Nd7 $16) 39... Ke7) 39. g5 {[%emt 0:00:21]} hxg5 {[%emt 0:00:53]} (39... Nd7 {was necessary.} 40. Qd5+ Ke8 41. Qg8+ Nf8 42. Qxg7 Qxf2 43. Qe5+ (43. Qxh6 Qf3+ 44. Ka2 e3 $16) 43... Kf7) 40. hxg5 {[%emt 0:00:06]} Nd7 {[%emt 0:00:43]} 41. g6+ {[%emt 0:32:15]} (41. Qd6 Ke8 42. Qd4 g6 $18) 41... Kf8 {[%emt 0:00:00]} 42. Qd4 {[%emt 0:00:00]} ({Weaker is} 42. Qd5 Ke7 43. Qf7+ Kd6 44. Nc4+ Kc6 $18) 42... Ke8 {[%emt 0:00:00]} 43. Nd1 {[%emt 0:00:00]} Nf6 {[%emt 0:00:00]} 44. Nc3 {[%emt 0:00:00]} Ke7 {[%emt 0:00:00]} 45. Qa7+ {[%emt 0:00:00]} Ke6 $2 {[%emt 0:00:00]} (45... Nd7 46. Qd4 Nf6) 46. Qxg7 {[%emt 0:00:00] Hoping for Qf7+.} Qxf2 {[%emt 0:00:00]} 47. Qf7+ {[%emt 0:00:00]} Ke5 {[%emt 0:00:00]} 48. Qe7+ {[%emt 0:00:00] Weighted Error Value: White=0.14 (very precise) /Black=0.47} 1-0

[Event "German Bundesliga 2021-22"]
[Site "Germany"]
[Date "2022.04.09"]
[Round "3.1"]
[White "Harikrishna, Pentala"]
[Black "Maghsoodloo, Parham"]
[Result "0-1"]
[WhiteElo "2719"]
[BlackElo "2701"]
[Annotator "TA"]
[PlyCount "70"]
[EventDate "2022.03.05"]
[EventType "team-tourn"]
[EventCountry "GER"]
[SourceTitle "playchess.com"]
[Source "ChessBase"]
[SourceQuality "1"]
[TimeControl "40/5400+30:1800+30"]

{[%evp 9,70,16,20,13,25,20,12,0,0,0,2,-6,33,30,51,44,35,26,65,60,74,47,42,0,0,0,7,1,6,4,6,-13,-10,-19,-31,-36,-40,-34,-30,-37,-33,-43,-52,-27,-40,-140,-63,-122,-122,-118,-122,-122,-118,-119,-53,-54,-25,-78,0,-848,-243,-850,-769]} 1. e4 {[%emt 0:00:00]} c5 {[%emt 0:00:00]} 2. Nf3 {[%emt 0:00:00]} d6 {[%emt 0:00:00]} 3. d4 {[%emt 0:00:00]} cxd4 {[%emt 0:00:00]} 4. Qxd4 {[%emt 0:00:00]} Nc6 {[%emt 0:00:00]} 5. Qe3 {[%emt 0:00:00]} g6 {[%emt 0:00:00]} 6. Be2 {[%emt 0:00:00] B53: Sicilian: 2...d6: Lines with Qxd4.} Bg7 {[%emt 0:00:00]} 7. O-O {[%emt 0:00:00]} Nf6 {[%emt 0:00:00][%cal Bg8f6,Bf6d7,Bd7c5][%mdl 32]} 8. h3 {[%emt 0:00:00] The position is equal.} O-O {[%emt 0:03:45]} 9. Rd1 {[%emt 0:00:00]} Nd7 {[%emt 0:09:19]} 10. Nc3 {[%emt 0:00:00] [#]} h6 $1 $146 {[%emt 0:04:11][%mdl 8] A top novelty.} ({Predecessor:} 10... a6 11. a4 b6 12. Qf4 Nb4 13. Qh4 Nxc2 14. Rb1 Ne5 15. Nxe5 Bxe5 16. Nd5 Re8 {½-½ (61) Harikrishna,P (2725)-Korobov,A (2685) Struga 2021}) 11. Qf4 {[%emt 0:04:24]} g5 {[%emt 0:14:31]} 12. Qg3 {[%emt 0:04:19]} Nc5 {[%emt 0:05:14]} 13. e5 {[%emt 0:26:28][%cal Be4e5,Be5d6][%mdl 32]} Bf5 {[%emt 0:03:25]} 14. Be3 {[%emt 0:03:48] Strongly threatening Bxc5.} Qa5 {[%emt 0:26:25]} 15. exd6 {[%emt 0:17:44][%cal Of3g5]} Bxc3 {[%emt 0:04:03]} 16. dxe7 {[%emt 0:12:03]} (16. Bxc5 $5 Qxc5 17. bxc3 $14) 16... Rfe8 {[%emt 0:03:10]} 17. Bxc5 {[%emt 0:08:00]} Bxb2 {[%emt 0:11:10] [#]} 18. Rab1 {[%emt 0:04:28]} Qxc5 {[%emt 0:00:29]} 19. Rxb2 {[%emt 0:00:08][%cal Of3g5] Hoping for Nxg5!} Qxe7 {[%emt 0:00:35]} 20. c4 {[%emt 0:01:46]} Rad8 {[%emt 0:00:09]} 21. Rd5 {[%emt 0:02:42]} Be4 {[%emt 0:10:12]} 22. Nxg5 {[%emt 0:07:02]} hxg5 {[%emt 0:00:01]} 23. Rxg5+ {[%emt 0:00:09]} Bg6 {[%emt 0:00:02] ...Qf6 is the strong threat.} 24. Bh5 $1 {[%emt 0:00:53]} Qf6 {[%emt 0:03:04]} (24... Qe1+ $2 25. Kh2 Re6 26. Bxg6 fxg6 27. Rxg6+ Rxg6 28. Qxg6+ Kf8 29. Rb5 $18 (29. Rxb7 Qe5+ 30. g3 Ne7 $16)) 25. Rxb7 {[%emt 0:03:44][%cal Rh5g6]} Re5 $36 {[%emt 0:01:13][%mdl 2048] Black has good play.} 26. Rxe5 {[%emt 0:00:39]} Nxe5 {[%emt 0:00:06]} 27. Be2 {[%emt 0:02:28] Prevents Rd3.} (27. Rb5 $15 Nxc4 28. Bxg6 fxg6 29. Rb8) 27... Nc6 {[%emt 0:00:58] &Nero is more active.} ({Black should try} 27... Rd2 $17 28. Bh5 Rxa2) 28. Kh2 {[%emt 0:00:52]} (28. Bf3 $15) 28... Rd2 $17 {[%emt 0:00:24]} 29. Bf3 {[%emt 0:00:19] [#]} Ne5 $1 {[%emt 0:01:48]} ({Don't play} 29... Rxa2 $6 30. Bxc6 Qxc6 31. Rb8+ Kg7 32. Qe5+ f6 33. Qe7+ Bf7 34. Rb3 $11 (34. Rf8 $2 Qxc4 35. Qd6 Qe2 $19)) 30. Bd5 {[%emt 0:01:36] Black must now prevent f4.} Rxf2 {[%emt 0:00:06]} 31. Rxa7 {[%emt 0:00:47][%cal Oa7a6]} Rd2 {[%emt 0:00:54] Dancing on a razor blade.} (31... Rc2 $17 {[%cal Oc2c3] aiming for ...Rc3!} 32. Ra3 Kh8) 32. Ra3 $15 {[%emt 0:00:52]} Nd3 {[%emt 0:00:43]} 33. Ra7 {[%emt 0:00:49] [#]} (33. Be4 $11 {remains equal.} Ne5 34. Bd5) 33... Kh7 {[%emt 0:00:31]} ({Better is} 33... Kf8 $1 $17 34. a4 (34. Ra8+ Kg7 $17) 34... Qd4) 34. h4 $2 {[%emt 0:01:00][%mdl 8192]} (34. Bxf7 $11 Bxf7 35. Rd7) 34... Nf4 $2 {[%emt 0:00:19]} (34... Nf2 35. h5 Bxh5 36. Bxf7 Bxf7 37. Rxf7+ Qxf7 38. Qh4+ Kg6 39. Qg3+ Kh7 40. Qh4+ Kg6 41. Qg3+ Kh7) 35. Bf3 $2 {[%emt 0:00:11] [#]} (35. Qg5 Qxg5 36. hxg5 Nxd5 37. cxd5) 35... Nxg2 $1 {[%emt 0:00:05][%mdl 512] Weighted Error Value: White=0.52/Black=0.41} 0-1

[Event "German Bundesliga 2021-22"]
[Site "Germany"]
[Date "2022.04.09"]
[Round "3.1"]
[White "Cheparinov, Ivan"]
[Black "Stern, Rene"]
[Result "1-0"]
[WhiteElo "2672"]
[BlackElo "2510"]
[Annotator "TA"]
[PlyCount "79"]
[EventDate "2022.03.05"]
[EventType "team-tourn"]
[EventCountry "GER"]
[SourceTitle "playchess.com"]
[Source "ChessBase"]
[SourceQuality "1"]
[TimeControl "40/5400+30:1800+30"]

{[%evp 15,79,27,36,29,26,29,35,32,48,38,43,42,37,37,54,40,53,17,8,23,35,0,0,0,19,16,22,20,45,37,51,56,57,43,57,60,60,53,51,20,71,86,73,71,71,71,71,64,107,95,95,95,254,258,389,388,457,442,416,409,498,425,545,363,348,314]} 1. e4 {[%emt 0:00:00]} e5 {[%emt 0:00:00]} 2. Nf3 {[%emt 0:00:00]} Nc6 {[%emt 0:00:00]} 3. Bb5 {[%emt 0:00:00]} Nf6 {[%emt 0:00:00]} 4. d3 {[%emt 0:00:00]} d6 {[%emt 0:00:00]} 5. O-O {[%emt 0:00:00]} Be7 {[%emt 0:00:00]} 6. c3 {[%emt 0:00:00]} O-O {[%emt 0:00:00]} 7. Re1 {[%emt 0:00:00]} a6 {[%emt 0:00:00]} 8. Ba4 {[%emt 0:00:00]} Re8 {[%emt 0:00:00]} 9. h3 {[%emt 0:00:00] C84: Closed Ruy Lopez: Unusual White 6th moves.} Bf8 {[%emt 0:00:00] 9...b5 is more fashionable.} 10. Bg5 $5 {[%emt 0:00:00][%mdl 4] Leaves trodden paths.} h6 {[%emt 0:00:49]} 11. Bh4 {[%emt 0:00:00] [#] White is slightly better.} Be7 $146 {[%emt 0:29:51]} ({Predecessor:} 11... b5 12. Bc2 g5 13. Bg3 g4 14. hxg4 Bxg4 15. Nbd2 Nh5 16. Nf1 Qf6 17. N1h2 Bd7 {½-½ (63) Palac,M (2517)-Kovalenko,I (2647) Zagreb 2021}) 12. Bg3 {[%emt 0:00:00]} b5 {[%emt 0:02:30]} 13. Bc2 {[%emt 0:00:00]} Nh7 {[%emt 0:05:14]} 14. a4 {[%emt 0:03:52] axb5 is the strong threat.} Bd7 {[%emt 0:03:41]} 15. Nbd2 {[%emt 0:01:33]} Ng5 {[%emt 0:07:39]} 16. Nf1 {[%emt 0:02:21]} Nxf3+ {[%emt 0:06:42]} 17. Qxf3 {[%emt 0:00:06]} Bg5 {[%emt 0:00:10]} 18. h4 {[%emt 0:13:23] [#] Threatens to win with axb5.} Bf6 {[%emt 0:01:17]} 19. Ne3 {[%emt 0:00:12]} Rc8 {[%emt 0:00:27]} 20. axb5 {[%emt 0:04:47]} axb5 {[%emt 0:00:25]} 21. Bb3 {[%emt 0:07:42]} Be6 {[%emt 0:07:54]} 22. Bd5 {[%emt 0:00:33]} Ne7 {[%emt 0:13:33]} 23. Bxe6 {[%emt 0:01:31]} fxe6 {[%emt 0:00:04]} 24. Qg4 {[%emt 0:05:17]} Nc6 {[%emt 0:10:42]} 25. Ra6 {[%emt 0:03:28]} Qd7 {[%emt 0:00:17]} 26. Rea1 {[%emt 0:08:51]} Rf8 {[%emt 0:06:53]} 27. Nd5 {[%emt 0:07:36]} Nb8 {[%emt 0:01:44]} (27... Kh7 $11 {keeps the balance.}) 28. Nxf6+ $16 {[%emt 0:00:06]} Rxf6 {[%emt 0:00:03]} 29. Ra8 {[%emt 0:01:42] &Bianco is more active.} Nc6 {[%emt 0:00:40]} 30. Rxc8+ {[%emt 0:03:36]} Qxc8 {[%emt 0:00:05]} 31. d4 Qf8 {[%emt 0:03:08]} 32. Ra6 {[%emt 0:01:48]} Qe8 {[%emt 0:00:19]} 33. Qe2 $36 {[%emt 0:01:53][%mdl 2048] White is really pushing.} Nb8 $2 {[%emt 0:00:18] This move loses the game for Black.} (33... exd4 $2 34. Qxb5 d3 35. Qxd3 $18 (35. Rxc6 d2 $17) (35. Qxc6 $2 Qxc6 36. Rxc6 d2 $19)) (33... Rf8 $16) 34. Ra8 $18 {[%emt 0:04:37]} ({Don't play} 34. dxe5 $6 Nxa6 35. exf6 gxf6 $16) 34... exd4 {[%emt 0:00:08] [#]} (34... Rf8 $142 35. dxe5 Qc6) 35. e5 $1 {[%emt 0:00:22]} dxe5 {[%emt 0:01:20]} 36. Bxe5 {[%emt 0:00:05][%cal Bg3e5,Be5c7,Bc7f4][%mdl 32]} Rf8 {[%emt 0:00:06]} 37. Bxc7 {[%emt 0:01:44]} Qc6 {[%emt 0:00:16]} 38. Rxb8 {[%emt 0:00:17]} dxc3 {[%emt 0:00:07]} 39. Rxf8+ {[%emt 0:00:26]} Kxf8 {[%emt 0:00:06]} 40. Bf4 {[%emt 0:00:08] Weighted Error Value: White=0.10 (very precise) /Black=0.32} 1-0

[Event "German Bundesliga 2021-22"]
[Site "Germany"]
[Date "2022.04.09"]
[Round "3.1"]
[White "Fressinet, Laurent"]
[Black "Postny, Evgeny"]
[Result "1/2-1/2"]
[WhiteElo "2630"]
[BlackElo "2567"]
[Annotator "RC"]
[PlyCount "81"]
[EventDate "2022.03.05"]
[EventType "team-tourn"]
[EventCountry "GER"]
[SourceTitle "playchess.com"]
[Source "ChessBase"]
[SourceQuality "1"]
[TimeControl "40/5400+30:1800+30"]

1. d4 {[%emt 0:00:00]} Nf6 {[%emt 0:00:00]} 2. c4 {[%emt 0:00:00]} e6 {[%emt 0:00:00]} 3. g3 {[%emt 0:00:00]} d5 {[%emt 0:00:00]} 4. Bg2 {[%emt 0:00:00]} Bb4+ {[%emt 0:00:00]} 5. Bd2 {[%emt 0:00:00]} Be7 {[%emt 0:00:00]} 6. Nf3 {[%emt 0:00:00]} c6 {[%emt 0:00:00]} 7. O-O {[%emt 0:00:00]} O-O {[%emt 0:00:01]} 8. Qc2 {[%emt 0:00:32]} Nbd7 {[%emt 0:01:11]} 9. Rc1 {[%emt 0:00:35]} b6 {[%emt 0:05:57]} 10. a4 {[%emt 0:04:07]} a5 {[%emt 0:10:38]} 11. cxd5 {[%emt 0:04:33]} cxd5 {[%emt 0:00:06]} 12. Nc3 {[%emt 0:00:13]} Ba6 {[%emt 0:12:27]} 13. Nb5 {[%emt 0:02:59]} Bxb5 {[%emt 0:01:18]} 14. axb5 {[%emt 0:00:06]} Rc8 {[%emt 0:04:31]} 15. Qa4 {[%emt 0:08:27]} Ne4 {[%emt 0:02:10]} 16. Be1 {[%emt 0:07:32]} Bd6 {[%emt 0:03:42]} 17. e3 {[%emt 0:11:15]} Re8 {[%emt 0:12:37]} 18. Rc2 {[%emt 0:13:45]} Rxc2 {[%emt 0:10:05]} 19. Qxc2 {[%emt 0:00:06]} Qc8 {[%emt 0:00:47]} 20. Rc1 {[%emt 0:06:38]} Qxc2 {[%emt 0:00:06]} 21. Rxc2 {[%emt 0:00:04]} Kf8 {[%emt 0:05:59]} 22. Rc6 {[%emt 0:07:45]} Ke7 {[%emt 0:00:14]} 23. Ne5 {[%emt 0:07:56]} Nxe5 {[%emt 0:12:39]} 24. dxe5 {[%emt 0:00:56]} Bxe5 {[%emt 0:00:05]} 25. Bxe4 {[%emt 0:07:31]} dxe4 {[%emt 0:00:05]} 26. Rxb6 {[%emt 0:00:07]} a4 {[%emt 0:08:53]} 27. Ra6 {[%emt 0:05:07]} Rb8 {[%emt 0:01:52]} 28. Bb4+ {[%emt 0:05:21]} Ke8 {[%emt 0:04:17]} 29. b6 {[%emt 0:05:25]} Kd7 {[%emt 0:00:34]} 30. Rxa4 {[%emt 0:02:09]} Rxb6 {[%emt 0:00:05]} 31. Ra7+ {[%emt 0:00:34]} Kc6 {[%emt 0:03:33]} 32. Bc3 {[%emt 0:01:11]} Bxc3 {[%emt 0:00:38]} 33. bxc3 {[%emt 0:00:02]} Rb7 {[%emt 0:00:07]} 34. Ra4 {[%emt 0:01:10]} Kd5 {[%emt 0:01:56]} 35. g4 {[%emt 0:01:00]} Rc7 {[%emt 0:00:38]} 36. Kg2 {[%emt 0:00:42]} Ke5 {[%emt 0:00:24]} 37. Ra5+ {[%emt 0:00:29]} Kf6 {[%emt 0:00:15]} 38. Ra3 {[%emt 0:00:02]} g5 {[%emt 0:00:34]} 39. Kg3 {[%emt 0:00:45]} h6 {[%emt 0:00:55]} 40. h4 {[%emt 0:00:14]} Rc4 {[%emt 0:00:30]} 41. hxg5+ {[%emt 0:00:00]} 1/2-1/2

[Event "German Bundesliga 2021-22"]
[Site "Germany"]
[Date "2022.04.09"]
[Round "3.2"]
[White "Indjic, Aleksandar"]
[Black "Van Foreest, Jorden"]
[Result "0-1"]
[WhiteElo "2604"]
[BlackElo "2702"]
[Annotator "TA"]
[PlyCount "108"]
[EventDate "2022.03.05"]
[EventType "team-tourn"]
[EventCountry "GER"]
[SourceTitle "playchess.com"]
[Source "ChessBase"]
[SourceQuality "1"]
[TimeControl "40/5400+30:1800+30"]

{[%evp 9,108,4,12,4,20,-31,-32,-44,-31,-33,-36,-40,-40,-63,-45,-46,-42,-64,-54,-53,-58,-63,-65,-75,-23,-43,-24,-29,-23,-52,-46,-47,-20,-20,-8,-34,-44,-78,-71,-137,-134,-274,-250,-258,-218,-227,-239,-262,-262,-262,-262,-263,-256,-243,-230,-256,-256,-439,-439,-485,-478,-482,-482,-475,-468,-493,-493,-493,-493,-493,-493,-493,-493,-2165,-1218,-1071,-908,-12833,-12833,-12837,-12834,-12839,-12837,-12837,-12838,-12838,-12838,-12837,-12837,-12841,-12841,-12841,-12842,-12842,-12843,-12845,-12844,-12847,-12847,-12847,-12847]} 1. d4 {[%emt 0:00:00]} d5 {[%emt 0:00:00]} 2. c4 {[%emt 0:00:00]} c6 {[%emt 0:00:00]} 3. Nf3 {[%emt 0:00:00]} Nf6 {[%emt 0:00:00]} 4. Qb3 {[%emt 0:00:00]} e6 {[%emt 0:00:00]} 5. Bg5 {[%emt 0:00:00]} Qb6 {[%emt 0:00:00]} 6. Nc3 {[%emt 0:00:00] D11: Slav Defence: 3 Nf3 sidelines and 3...Nf6 4 e3 Bg4.} dxc4 {[%emt 0:00:00]} 7. Qxc4 {[%emt 0:00:00]} (7. Qc2 $1 $11) 7... Qxb2 $15 {[%emt 0:00:00]} 8. Rb1 {[%emt 0:00:00] [#] Black is slightly better.} Qc2 $146 {[%emt 0:00:08]} ({Predecessor:} 8... Qa3 9. Rb3 Qa5 10. Bd2 Nbd7 11. e4 Be7 12. Nb5 cxb5 13. Qxc8+ Rxc8 14. Bxa5 Nxe4 15. Bxb5 Rc1+ {0-1 (15) Ramos Verdu,J (1652)-Uran Bermudez,O (2101) Alzira 2013}) 9. Rc1 {[%emt 0:04:13]} Qf5 {[%emt 0:02:44]} 10. Qb3 {[%emt 0:17:00][%cal Oe2e4]} Nbd7 {[%emt 0:05:06]} 11. g3 {[%emt 0:05:51]} Bd6 {[%emt 0:10:58]} (11... e5 $5 {[%cal Re5d4]} 12. h4 exd4 13. Nxd4 Qa5 $15) 12. h4 {[%emt 0:00:49]} O-O {[%emt 0:03:50]} 13. Bg2 {[%emt 0:03:25]} h6 {[%emt 0:04:15]} 14. Bxf6 {[%emt 0:10:19]} Nxf6 {[%emt 0:04:28]} 15. O-O {[%emt 0:00:22]} e5 {[%emt 0:03:23]} 16. d5 {[%emt 0:06:15]} cxd5 {[%emt 0:10:27]} (16... e4 $17 17. Nd4 Qe5 18. dxc6 Qxd4) 17. Nxd5 $11 {[%emt 0:00:27]} Nxd5 {[%emt 0:04:03]} 18. Qxd5 {[%emt 0:00:12]} Rd8 {[%emt 0:00:43]} 19. Nd2 {[%emt 0:04:28]} Qe6 {[%emt 0:07:03]} 20. Qa5 {[%emt 0:15:46]} Qe7 {[%emt 0:03:44] [#] ...Bb4 is the strong threat.} 21. Nc4 $1 {[%emt 0:03:48]} Bc7 {[%emt 0:00:41]} 22. Qc3 {[%emt 0:00:10]} e4 {[%emt 0:03:25]} 23. Ne3 {[%emt 0:07:09]} Bb6 $36 {[%emt 0:00:29][%mdl 2048] Black has strong initiative.} 24. Qc4 {[%emt 0:03:55]} ({White should try} 24. Rcd1) 24... Rd4 $17 {[%emt 0:10:20]} 25. Qxc8+ {[%emt 0:06:06] White does not recover from this.} (25. Qb5 $17) 25... Rxc8 $19 {[%emt 0:00:12]} 26. Rxc8+ {[%emt 0:00:04]} Rd8 {[%emt 0:05:30]} 27. Nd5 {[%emt 0:00:14]} Qe6 {[%emt 0:00:26]} 28. Nxb6 {[%emt 0:00:08]} Rxc8 {[%emt 0:00:07]} ({Worse is} 28... Qxb6 29. Rxd8+ Qxd8 30. Bxe4 $17) 29. Nxc8 {[%emt 0:00:05]} Qxc8 {[%emt 0:00:09]} 30. Bxe4 {[%emt 0:00:04][%mdl 4096] Endgame KQ-KRB} b5 {[%emt 0:05:23][%cal Bb7b5,Bb5b4][%mdl 32]} 31. Rd1 {[%emt 0:03:41]} Kf8 {[%emt 0:00:08]} 32. Bd3 {[%emt 0:03:56]} Qc5 {[%emt 0:01:49]} 33. Rb1 $2 {[%emt 0:00:54]} (33. e3) 33... b4 {[%emt 0:01:40] Black is clearly winning.} 34. Kg2 {[%emt 0:01:45]} a5 {[%emt 0:01:53][%cal Ba7a5,Ba5a4,Ba4a3][%mdl 32]} 35. Rb2 {[%emt 0:00:10]} a4 {[%emt 0:01:32]} 36. Rc2 {[%emt 0:00:06]} Qd5+ {[%emt 0:03:41]} 37. f3 {[%emt 0:00:08]} b3 {[%emt 0:01:47]} 38. axb3 {[%emt 0:00:10]} Qxb3 {[%emt 0:00:09] Threatens to win with ...a3.} 39. Rc7 {[%emt 0:00:04]} a3 {[%emt 0:05:57] aiming for ...a2.} 40. Bc4 {[%emt 0:00:13]} Qc2 {[%emt 0:00:59] Hoping for ...a2.} 41. Rxf7+ {[%emt 0:31:04]} (41. Kg1 $142 Qb1+ 42. Kg2) 41... Ke8 {[%emt 0:30:07]} 42. Rf4 {[%emt 0:05:57]} a2 {[%emt 0:00:05][%mdl 64] [#] Strongly threatening ...Ke7. Deflection} 43. Bxa2 {[%emt 0:00:45]} Qxe2+ {[%emt 0:00:05]} 44. Kh3 {[%emt 0:00:06]} Qxa2 {[%emt 0:00:05] KQ-KR} 45. h5 {[%emt 0:00:54]} Qf2 {[%emt 0:01:26]} 46. Rf5 {[%emt 0:00:00]} Qf1+ {[%emt 0:00:00]} 47. Kh4 {[%emt 0:00:00]} Qe2 {[%emt 0:00:00]} 48. Kh3 {[%emt 0:00:00]} Ke7 {[%emt 0:00:00]} 49. g4 {[%emt 0:00:00]} Qf2 {[%emt 0:00:00]} 50. Rf4 {[%emt 0:00:00]} Kd6 {[%emt 0:00:00]} 51. Rf5 {[%emt 0:00:00]} Ke6 {[%emt 0:00:00]} 52. f4 {[%emt 0:00:00]} Kd6 {[%emt 0:00:00]} 53. g5 {[%emt 0:00:00]} Qe3+ {[%emt 0:00:00]} 54. Kh4 {[%emt 0:00:00]} Qe1+ {[%emt 0:00:22] Weighted Error Value: White=0.47/Black=0.04 (flawless)} 0-1

[Event "German Bundesliga 2021-22"]
[Site "Germany"]
[Date "2022.04.09"]
[Round "3.2"]
[White "Prusikin, Michael"]
[Black "Areshchenko, Alexander"]
[Result "1/2-1/2"]
[WhiteElo "2540"]
[BlackElo "2670"]
[Annotator "RC"]
[PlyCount "42"]
[EventDate "2022.03.05"]
[EventType "team-tourn"]
[EventCountry "GER"]
[SourceTitle "playchess.com"]
[Source "ChessBase"]
[SourceQuality "1"]
[TimeControl "40/5400+30:1800+30"]

1. d4 {[%emt 0:00:00]} Nf6 {[%emt 0:00:00]} 2. c4 {[%emt 0:00:00]} g6 {[%emt 0:00:00]} 3. Nc3 {[%emt 0:00:00]} d5 {[%emt 0:00:00]} 4. cxd5 {[%emt 0:00:00]} Nxd5 {[%emt 0:00:00]} 5. e4 {[%emt 0:00:00]} Nxc3 {[%emt 0:00:00]} 6. bxc3 {[%emt 0:00:00]} Bg7 {[%emt 0:00:00]} 7. Nf3 {[%emt 0:00:00]} c5 {[%emt 0:00:00]} 8. Bb5+ {[%emt 0:00:00]} Nc6 {[%emt 0:00:00]} 9. O-O {[%emt 0:00:00]} Qa5 {[%emt 0:00:00]} 10. Bxc6+ {[%emt 0:00:20]} bxc6 {[%emt 0:00:00]} 11. Qc2 {[%emt 0:00:11]} O-O {[%emt 0:11:57]} 12. Be3 {[%emt 0:02:18]} Be6 {[%emt 0:04:53]} 13. Rfc1 {[%emt 0:07:56]} cxd4 {[%emt 0:11:06]} 14. cxd4 {[%emt 0:00:57]} Rfc8 {[%emt 0:01:22]} 15. Qc5 {[%emt 0:02:58]} Qxc5 {[%emt 0:04:19]} 16. Rxc5 {[%emt 0:00:05]} f5 {[%emt 0:04:25]} 17. Ne5 {[%emt 0:09:32]} fxe4 {[%emt 0:04:38]} 18. Nxc6 {[%emt 0:00:21]} Kf8 {[%emt 0:06:54]} 19. a3 {[%emt 0:17:12]} Ke8 {[%emt 0:19:26]} 20. Rb1 {[%emt 0:08:59]} Bd7 {[%emt 0:04:05]} 21. Rbc1 {[%emt 0:13:53]} Bxc6 {[%emt 0:06:01]} 1/2-1/2